F1 pilotes 2025 mort subite - Statistiques

Statistiques générales
  • Ce quiz a été pris 1 408 fois
    1 350 depuis la dernière actualisation
  • Le résultat moyen est 11 sur 16
Answers on the Grid
Answers color-coded by a green-red scale on the quiz's grid according to % correct below.
Hamilton
Bottas
Hadjar
Sainz
Perez
Schumacher
Leclerc
Aldi
Lidl
Gasly
Ocon
Pourchaire
Verstapen
Vettel
Alonso
Wu
Tsunoda
Prost
Russell
Senna
Lawson
Hülkenberg
Aubameyang
Squeezie
Norris
Piastri
Pitt
Albon
Zhou
Antonelli
 
Statistiques - réponses
Réponse % Correct
Hamilton
99%
Hadjar
84%
Leclerc
72%
Sainz
71%
Ocon
70%
Verstapen
70%
Alonso
68%
Gasly
68%
Norris
68%
Russell
68%
Tsunoda
67%
Lawson
65%
Piastri
65%
Antonelli
63%
Albon
62%
Hülkenberg
60%
Aucun quiz correspondant
Distribution des résultats
% des personnes avec chaque résultat
Percentile par nombre de réponses
Votre historique - résultats
Vous n’avez pas pris ce quiz depuis la dernière actualisation